Central Library OPAC University of Rajshahi

The world view of physics / (Record no. 51841)

MARC details
000 -LEADER
fixed length control field 00887nam a2200277 a 4500
001 - CONTROL NUMBER
control field 51841
003 - CONTROL NUMBER IDENTIFIER
rucl marc code BD-RjUL
005 - DATE AND TIME OF LATEST TRANSACTION
control field 20211209075723.0
008 - FIXED-LENGTH DATA ELEMENTS--GENERAL INFORMATION
fixed length control field 160904s1952 enk 001 0 eng u
035 ## - SYSTEM CONTROL NUMBER
System control number 03-306/L
System control number (OCoLC)3097301
-- (BD-RjUL)51961
040 ## - CATALOGING SOURCE
Original cataloging agency DLC
Transcribing agency DVP
Modifying agency SER
-- m.c
-- BD-RjUL
Language of cataloging eng
041 1# - LANGUAGE CODE
Language code of text/sound track or separate title engger
082 ## - DEWEY DECIMAL CLASSIFICATION NUMBER
Classification number 530.1
Author mark and year WEW 1952
100 1# - MAIN ENTRY--PERSONAL NAME
Personal name Weizsäcker, Carl Friedrich,
Dates associated with a name 1912-2007.
9 (RLIN) 155076
245 14 - TITLE STATEMENT
Title The world view of physics /
Statement of responsibility, etc. Carl Friedrich Weizsäcker ; Translated by Marjorie Grene
260 ## - PUBLICATION, DISTRIBUTION, ETC. (IMPRINT)
Place of publication, distribution, etc. London :
Name of publisher, distributor, etc. Routledge and K. Paul,
Date of publication, distribution, etc. 1952.
300 ## - PHYSICAL DESCRIPTION
Pagination 219 p. ;
Size 22 cm.
500 ## - GENERAL NOTE
General note Includes index
General note Translation of 'Zum Weltbild der Physik
650 #0 - SUBJECT ADDED ENTRY--TOPICAL TERM
Topical term or geographic name as entry element Cosmology.
9 (RLIN) 155077
Topical term or geographic name as entry element Physics
General subdivision Philosophy
9 (RLIN) 154838
700 ## - ADDED ENTRY--PERSONAL NAME
Personal name Grene, Marjorie
942 ## - ADDED ENTRY ELEMENTS (KOHA)
Source of classification or shelving scheme Dewey Decimal Classification
Koha item type Books
Holdings
Lost status Source of classification or shelving scheme Damaged status Not for loan Collection code Permanent Location Current Location Shelving location Date acquired Source of acquisition Cost, normal purchase price Total Checkouts Full call number Date last seen Copy number Koha item type
  Dewey Decimal Classification   Not For Loan Non-fiction Central Library, University of Rajshahi Central Library, University of Rajshahi Reading Room 20/07/1973 Book view 25.50   530.1 WEW 1952 04/09/2016 C-1 Books